• 首页
  • 本馆介绍
  • 公告通知
  • 最新文献
  • 馆藏检索
  • 电子资源
  • 读者导购
  • 参考咨询
  • 我的图书馆
  • 登录
  • 详细信息显示
  • 放入我的书架
  • 预约/预借图书
  • 作者相关作品
  • 分类相关作品
  • 丛书相关作品
  • 出版社相关作品

书目信息

  • 表格格式
  • 工作单格式
  • 卡片格式
题名:
按劳分配有关范畴的分析
    
 
作者: ;湖北财经学院 , 武汉大学 编
分册:  
出版信息: 北京   人民出版社  1979
页数: 104页
开本: 19cm
丛书名:
单 册:
中图分类: F046.1
科图分类:
主题词: 各尽所能,按劳分配--研究
电子资源:
ISBN:
000 00679nam0 2200229 45
001 0179008165
005 20060801145113.71
010    @dCNY0.26
091    @a4001.361
100    @a19950714d1979 em y0chiy0121 ea
101 0  @achi
102    @aCN@b110000
105    @ay z 000yy
200 10 @a按劳分配有关范畴的分析@Aan lao fen pei you guan fan chou de fen xi@f湖北财经学院 、武汉大学编写组编
210    @a北京@c人民出版社@d1979
215    @a104页@d19cm
606    @a各尽所能,按劳分配@x研究
690    @aF046.1@v3
711 02 @a湖北财经学院@Ahu bei cai jing xue yuan@4编
711 02 @a武汉大学@Awu han da xue@4编
801  0 @aCN@bTSSF@c20060801
905    @a10447@dF046.1@e91
    
    按劳分配有关范畴的分析/湖北财经学院 、武汉大学编写组编.-北京:人民出版社,1979
    104页;19cm
    
    
    ISBN :CNY0.26
    
●
相关链接 在E读中查询图书 在五车中查询图书 在当当中查询图书 在豆瓣中查询图书


正题名:按劳分配有关范畴的分析     索取号:F046.1/91         预约/预借

序号 登录号 条形码 馆藏地/架位号 状态 备注
1 0422054   204220547   密集书库/ [索取号:F046.1/91] 在馆    
2 0440850   204408505   密集书库/ [索取号:F046.1/91] 在馆    
3 0441240   204412402   密集书库/ [索取号:F046.1/91] 在馆    
4 0441241   204412411   密集书库/ [索取号:F046.1/91] 在馆    
唐山师范学院图书馆 欢迎您!
大连网信软件有限公司© 版权所有